000
00301nam a22001337a 4500
008
181016b xxu||||| |||| 00| 0 eng d
020
_a
9780192621306
041
_a
eng
080
_a
610
100
_a
4
101
_a
SHM
245
_a
The Complete Recovery Room Book
_c
Hatfield,A
942
_2
udc
_c
BK
999
_c
49918
_d
49918